| 000 | 00565nam a2200181 4500 | ||
|---|---|---|---|
| 999 |
_c14568 _d14568 |
||
| 008 | 191011b ||||| |||| 00| 0 eng d | ||
| 020 | _a978-1-4786-3869-8 | ||
| 082 |
_22019 _aDC 512.02 _bB353 |
||
| 100 |
_aBeachy, John A. _940291 |
||
| 245 |
_aAbstract algebra/ _cJohn A. Beachy, William D.Blair |
||
| 260 |
_aLong Grove, Illinois _bWaveland Press, Inc., _c©2019. |
||
| 300 |
_axxii, 541 pages ; _c24 cm. |
||
| 500 | _aIncludes index. | ||
| 650 |
_aAlgebra, abstract _924726 |
||
| 700 |
_aBlair, William D. _940292 |
||
| 365 |
_b8,795.00 _cPhp |
||
| 942 |
_2ddc _cDC |
||